Multiplicites ou des lieux de vie par milliers /

Enregistré dans:
Détails bibliographiques
Auteur principal: Sigala, Claude (Auteur)
Autres auteurs: Chiapello, Alain, Guattari, Félix
Format: Livre
Langue:français
Publié: Paris : VRAC, c1983
Tags: Ajouter un tag
Pas de tags, Soyez le premier à ajouter un tag!

MARC

LEADER 00000nam a22000007i 4500
001 IT\ICCU\UBO\3363976
003 ItRI
005 20260115231839.0
008 080130s1983 fr |||||| ||||| |||||c
020 |a 2864890216 
040 |b ita  |c importazione bologna sebina 
041 7 |a fre  |2 ISO-639-2 
100 1 |a Sigala, Claude  |0 IT\ICCU\UBOV\221460  |4 aut 
245 1 0 |a Multiplicites ou des lieux de vie par milliers /  |c Claude Sigala ; impasse de Felix Guattari ; prelude de Alain Chiapello. 
260 |a Paris :  |b VRAC,  |c c1983 
300 |a 143 p. ;  |c 24 cm. 
700 1 |a Chiapello, Alain  |0 IT\ICCU\UBOV\221461 
700 1 |a Guattari, Félix  |0 IT\ICCU\CFIV\037610 
942 |2 ddc  |c BK  |n 0 
952 |0 0  |1 0  |4 0  |6 DOC_190_000000000000000_SIG  |7 0  |9 14169  |a BO  |b BO  |d 2026-01-15  |i 517  |l 0  |o DOC 190 SIG  |p BO517  |r 2026-01-15 23:18:39  |w 2026-01-15  |x [Sebina 5] [1 v.]  |y BK  |z 1 v. 
999 |c 12224  |d 12224